Catholic University of Zimbabwe Library
Online Public Access Catalogue
(OPAC)

Access, a zone of comprehension and intrusion (Record no. 31513)

MARC details
000 -LEADER
fixed length control field 02522cam a2200457Ma 4500
001 - CONTROL NUMBER
control field ocn505118638
003 - CONTROL NUMBER IDENTIFIER
control field OCoLC
005 - DATE AND TIME OF LATEST TRANSACTION
control field 20210303085307.0
006 - FIXED-LENGTH DATA ELEMENTS--ADDITIONAL MATERIAL CHARACTERISTICS
fixed length control field m d
007 - PHYSICAL DESCRIPTION FIXED FIELD--GENERAL INFORMATION
fixed length control field cr cn|||||||||
008 - FIXED-LENGTH DATA ELEMENTS--GENERAL INFORMATION
fixed length control field 080522s2008 enka ob 000 0 eng d
020 ## - INTERNATIONAL STANDARD BOOK NUMBER
International Standard Book Number 9781846638916 (electronic bk.) :
Terms of availability £57.99 ; € 84.94 ; € 84.94
020 ## - INTERNATIONAL STANDARD BOOK NUMBER
International Standard Book Number 1846638917 (electronic bk.) :
Terms of availability £57.99 ; € 84.94 ; € 84.94
020 ## - INTERNATIONAL STANDARD BOOK NUMBER
Canceled/invalid ISBN 9781846638909 (hbk.)
040 ## - CATALOGING SOURCE
Original cataloging agency CaPaEBR
Language of cataloging eng
Transcribing agency UBY
Modifying agency OCLCQ
-- ZJC
050 #4 - LIBRARY OF CONGRESS CALL NUMBER
Classification number H62
Item number .A523 2008eb
072 #7 - SUBJECT CATEGORY CODE
Subject category code JHBC
Source bicssc
072 #7 - SUBJECT CATEGORY CODE
Subject category code SOC024000
Source bisacsh
072 #7 - SUBJECT CATEGORY CODE
Subject category code SOC027000
Source bisacsh
080 ## - UNIVERSAL DECIMAL CLASSIFICATION NUMBER
Universal Decimal Classification number 303
082 04 - DEWEY DECIMAL CLASSIFICATION NUMBER
Classification number 300.72/7
Edition number 22
245 00 - TITLE STATEMENT
Title Access, a zone of comprehension and intrusion
Medium [electronic resource] /
Statement of responsibility, etc. edited by Brinda Jegatheesan.
250 ## - EDITION STATEMENT
Edition statement 1st ed.
260 ## - PUBLICATION, DISTRIBUTION, ETC.
Place of publication, distribution, etc. Bingley, UK :
Name of publisher, distributor, etc. Emerald JAI,
Date of publication, distribution, etc. 2008.
300 ## - PHYSICAL DESCRIPTION
Extent 1 online resource (vii, 192 p.) :
Other physical details ill.
490 1# - SERIES STATEMENT
Series statement Advances in program evaluation,
International Standard Serial Number 1474-7863 ;
Volume/sequential designation v. 12
504 ## - BIBLIOGRAPHY, ETC. NOTE
Bibliography, etc. note Includes bibliographical references.
520 ## - SUMMARY, ETC.
Summary, etc. This volume of "Advances for Program Evaluation" examines the nature and seriousness of fieldworkers' problems of failure to gain access, achieve comprehension, and avoid intrusion. To do all three, fieldworkers' need understanding and respect of the people from whom they seek data as well as be consciously and critically aware of staging field relationships knotted with tensions of estrangement, involvement, familiarity and distance. In the nine chapters of this volume, the authors speak of access to human subjects data, dealing with methods and concerns about intrusion. Attention is given to past and current practices of personalistic studies, particularly in education, and the need for improved protection of participants.
588 ## - SOURCE OF DESCRIPTION NOTE
Source of description note Description based on print version record.
650 #0 - SUBJECT ADDED ENTRY--TOPICAL TERM
Topical term or geographic name entry element Social sciences
General subdivision Research
-- Methodology.
650 #0 - SUBJECT ADDED ENTRY--TOPICAL TERM
Topical term or geographic name entry element Social sciences
General subdivision Fieldwork
-- Methodology.
650 #7 - SUBJECT ADDED ENTRY--TOPICAL TERM
Topical term or geographic name entry element Social research & statistics.
Source of heading or term bicssc
650 #7 - SUBJECT ADDED ENTRY--TOPICAL TERM
Topical term or geographic name entry element Social Science
General subdivision Research.
Source of heading or term bisacsh
650 #7 - SUBJECT ADDED ENTRY--TOPICAL TERM
Topical term or geographic name entry element Social Science
General subdivision Statistics.
Source of heading or term bisacsh
655 #7 - INDEX TERM--GENRE/FORM
Genre/form data or focus term Electronic books.
Source of term local
700 1# - ADDED ENTRY--PERSONAL NAME
Personal name Jegatheesan, Brinda.
776 08 - ADDITIONAL PHYSICAL FORM ENTRY
Relationship information Print version:
Title Access, a zone of comprehension and intrusion.
Edition 1st ed.
Place, publisher, and date of publication Bingley, UK : Emerald Jai, 2008
International Standard Book Number 9781846638909
Record control number (OCoLC)229021426
830 #0 - SERIES ADDED ENTRY--UNIFORM TITLE
Uniform title Advances in program evaluation ;
Volume/sequential designation v. 12.
856 40 - ELECTRONIC LOCATION AND ACCESS
Uniform Resource Identifier <a href="https://www.emerald.com/insight/publication/doi/10.1016/S1474-7863(2008)12">https://www.emerald.com/insight/publication/doi/10.1016/S1474-7863(2008)12</a>
913 ## -
-- SSbacklist
Holdings
Withdrawn status Lost status Source of classification or shelving scheme Damaged status Not for loan Home library Current library Shelving location Date acquired Total Checkouts Full call number Date last seen Uniform Resource Identifier Price effective from Koha item type
          Digital Library Digital Library Online Access 03.03.2021   H62 .A523 2008eb 03.03.2021 https://www.emerald.com/insight/publication/doi/10.1016/S1474-7863(2008)12 03.03.2021 eBook

OPENING HOURS

Weekdays: 0815hrs - 1800hrs
Weekends:0900hrs - 1200hrs

Closed for Mass:

Mon, Thur: 1200hrs - 1300hrs
Sunday & Public Holiday’s

CALL SUPPORT

0242-570570, 0242-570169
09200664, +263 8644140602

LOCATION

18443, Cranborne Avenue, Hatfield, Harare

Other Links


©2021 | CUZ Library